Koszalin plus 5

Titel: Koszalin plus 5 : plan miasta 1:15 000 : Bytów, Darłowo, Kołobrzeg, Słupsk, Ustka : ulice jednokierunkowe, sygnalizacja świetlna, linie komunikacyjne, mapa okolic / opracowanie kartograficzne: Agnieszka Wędrychowska, Jacek Majerczak
Verfasser:
Beteiligt:
Maßstab: 1:15 000-1:20 000
Veröffentlicht: Warszawa : Wydawnictwo Demart, 2004
Umfang: 6 Karten auf 1 Blatt : beidseitig, farbig ; 45 x 49 cm oder kleiner, auf Blatt 68 x 98 cm, gefaltet 23 x 12 cm
Format: Karte
Sprache: Polnisch; Englisch; Deutsch; Französisch
Schlagworte:
ISBN: 8389239884
Buchumschlag
X
alg: 46353439
001A    $03004:29-04-20 
001B    $06060:23-04-25 $t00:33:24.000 
001D    $03004:18-05-20 
001U    $0utf8 
001X    $00 
002@    $0Kau 
002C    $akartografisches Bild $bcri $2rdacontent 
002D    $aohne Hilfsmittel zu benutzen $bn $2rdamedia 
002E    $aBlatt $bnb $2rdacarrier 
003@    $0463534395 
003O    $01152526149 $aOCoLC 
004A    $083-89239-88-4 
007A    $0463534395 $aHEB 
010@    $apol $aeng $ager $afre 
010E    $erda 
011@    $a2004 
011F    $n2004 
013D    $RKarte $#Stadtplan $#Ortsplan $#Stadtatlas $#Stadtpläne $74129845-7 $8Stadtplan [Ts1] $9085456683 
013D    $RGrafische Darstellung $#Cartes $#Maps $#Plans $#Amtliche Karte Formschlagwort $#Landkarte $#Wandkarte Formschlagwort $#Wanderkarte Formschlagwort $#Straßenkarte Formschlagwort $#Weltkarte Formschlagwort $#Karten $#Landkarten $#Kartenmaterial $#Geografische Karte $74029783-4 $8Karte [Tsz] $9085078743 
021A    $aKoszalin plus 5 $dplan miasta 1:15 000 : Bytów, Darłowo, Kołobrzeg, Słupsk, Ustka : ulice jednokierunkowe, sygnalizacja świetlna, linie komunikacyjne, mapa okolic $hopracowanie kartograficzne: Agnieszka Wędrychowska, Jacek Majerczak 
027A    $aKoszalin plus pięć, plan miasta 1:15 000 
028A    $BKartograf $4ctg $7 $8We̜drychowska, Agnieszka [Tnd] $9138879435 
028C    $BKartograf $4ctg $7 $8Majerczak, Jacek [Tnu] $935369651X 
033A    $pWarszawa $nWydawnictwo Demart 
034D    $a6 Karten auf 1 Blatt 
034I    $a45 x 49 cm oder kleiner, auf Blatt 68 x 98 cm, gefaltet 23 x 12 cm 
034M    $abeidseitig, farbig 
035E    $a1:15 000-1:20 000 
037A    $aNebenkarten auf Vorder- und Rückseite: Centrum [Koszalina] 1:7 500 ; Okolice Koszalina skala 1:320 000; Centrum [Słupska] 1:7 500 ; [Centrum Bytowa] ; [Darłówko Zachodnie] ; Okolice Słupska skala 1:320 000 
037A    $aMit Straßenverzeichnissen und touristischen Hinweisen auf Vorder- und Rückseite 
039C    $aEnthält $t[Karte] Koszalin 
039C    $aEnthält $t[Karte] Kołobrzeg 
039C    $aEnthält $t[Karte] Słupsk 
039C    $aEnthält $t[Karte] Ustka 
039C    $aEnthält $t[Karte] Darłowo 
039C    $aEnthält $t[Karte] Bytów 
044K    $RKöslin $#Koszalin (Woiwodschaft) $#Köslin $#Cossalin $71028390-0 $8Koszalin [Tg1] $9042044677 
044K    $RStolp $RWoiwodschaft Pommern $#Stolp $71051060-6 $8Słupsk [Tg1] $9042181631 
044K    $8Bytów [Tg1] $9473561123 
044K    $RRügenwalde $71239244-3 $8Darłowo [Tg1] $9082175292 
044K    $RKolberg $#Kolberg $75057070-5 $8Kołobrzeg [Tg1] $9044717024 
044K    $RStolpmünde $#Stolpmünde 1945- $#Ùskô $74106030-1 $8Ustka [Tg1] $9085313505 
045F    $a910.9438090511 $eDDC23BSB 
045F/01 $a910 
045F/03 $f090511 
045F/03 $g438 
045F/03 $g43816 
046C    $aSłupsk plus 5 $bAbweichender Titel auf dem Umschlag 
046L    $aLegende in Polnisch, Englisch, Deutsch und Französisch 

lok: 46353439 24

exp: 46353439 24 1 #EPN
201B/01 $019-08-21 $t15:31:36.000 
201C/01 $029-04-20 
201U/01 $0utf8 
203@/01 $01103232932 
208@/01 $a29-04-20 $bz 
209A/01 $aK 9 II L 39 $dd $f050 $hK 9 2 L 39 $x00 
209C/01 $a37 K 2007 $h07 00037 K 
220C/01 $awei 
244Z/01 $#Generalgouvernement Polen $#Polska $#Rzeczpospolita Polska $#Polska Rzeczpospolita Ludowa $#Poland $#Pologne $#République Polonaise $#Generalne Gubernatorstwo w Polsce $#Polish People's Republic $#Polska Rzeczpospolita Polen $#PRL $#RP $#Polen Generalgouvernement $#Polska Generalgouvernement $#Besetzte Polnische Gebiete $#Besetztes Gebiet in Polen $#Okupowane Polskie Obszary $#Obszary Okupowane w Polsce $#Volksrepublik Polen $#Polska Rosyjska $#Republic Polen $#Respublika Pol'ša $#Pol'skaja Narodnaja Respublika $#République de Pologne $#Polen Links der Weichsel $#Polska po Lewej Stronie Wisły $#Lenkija $#Polija $#Gubernija Carstva Pol'skago $#Republik Polen $74046496-9 $8--Tg1--Polen $x01 $9085129801 
244Z/01 $#Pommern $#Pommern $#Herzogtum Pommern $#Herzogthum Pommern $#Provinz Pommern $#Pomorze $74046744-2 $8--Tg1--Pommern $x02 $9085130354 
247C/01 $8358050-7 Marburg, Bibliothek des Herder-Instituts Marburg $9102600961
LEADER 00000cem a2200000 c 4500
001 463534395
003 DE-603
005 20250423003324.0
007 a|||||||
008 200429s2004 xx |||||| a || | ||pol c
020 |a 8389239884 
035 |a (DE-599)HEB463534395 
035 |a (OCoLC)1152526149 
040 |a DE-603  |b ger  |c DE-603  |d DE-603  |e rda 
041 |a pol  |a eng  |a ger  |a fre 
082 0 4 |8 1\u  |a 910.9438090511  |q DE-101  |2 23/BSB 
085 |8 1\u  |b 910 
085 |8 1\u  |z 1  |s 090511 
085 |8 1\u  |z 2  |s 438 
085 |8 1\u  |z 2  |s 43816 
100 1 |a We̜drychowska, Agnieszka  |e Kartograf  |4 ctg  |0 (DE-603)138879435 
245 0 0 |a Koszalin plus 5  |b plan miasta 1:15 000 : Bytów, Darłowo, Kołobrzeg, Słupsk, Ustka : ulice jednokierunkowe, sygnalizacja świetlna, linie komunikacyjne, mapa okolic  |c opracowanie kartograficzne: Agnieszka Wędrychowska, Jacek Majerczak 
246 1 |i Abweichender Titel auf dem Umschlag  |a Słupsk plus 5 
246 1 3 |a Koszalin plus pięć, plan miasta 1:15 000 
255 |a 1:15 000-1:20 000 
264 1 |a Warszawa  |b Wydawnictwo Demart  |c 2004 
264 4 |c 2004 
300 |a 6 Karten auf 1 Blatt  |b beidseitig, farbig  |c 45 x 49 cm oder kleiner, auf Blatt 68 x 98 cm, gefaltet 23 x 12 cm 
336 |a kartografisches Bild  |b cri  |2 rdacontent 
337 |a ohne Hilfsmittel zu benutzen  |b n  |2 rdamedia 
338 |a Blatt  |b nb  |2 rdacarrier 
500 |a Nebenkarten auf Vorder- und Rückseite: Centrum [Koszalina] 1:7 500 ; Okolice Koszalina skala 1:320 000; Centrum [Słupska] 1:7 500 ; [Centrum Bytowa] ; [Darłówko Zachodnie] ; Okolice Słupska skala 1:320 000 
500 |a Mit Straßenverzeichnissen und touristischen Hinweisen auf Vorder- und Rückseite 
546 |a Legende in Polnisch, Englisch, Deutsch und Französisch 
651 7 |a Koszalin  |0 (DE-588)1028390-0  |0 (DE-603)042044677  |2 gnd 
651 7 |a Słupsk  |0 (DE-588)1051060-6  |0 (DE-603)042181631  |2 gnd 
651 7 |a Bytów  |0 (DE-588)1223011356  |0 (DE-603)473561123  |2 gnd 
651 7 |a Darłowo  |0 (DE-588)1239244-3  |0 (DE-603)082175292  |2 gnd 
651 7 |a Kołobrzeg  |0 (DE-588)5057070-5  |0 (DE-603)044717024  |2 gnd 
651 7 |a Ustka  |0 (DE-588)4106030-1  |0 (DE-603)085313505  |2 gnd 
655 7 |a Stadtplan  |2 gnd-content  |0 (DE-588)4129845-7  |0 (DE-603)085456683 
655 7 |a Karte  |2 gnd-content  |0 (DE-588)4029783-4  |0 (DE-603)085078743 
700 1 |a Majerczak, Jacek  |e Kartograf  |4 ctg  |0 (DE-603)35369651X 
770 0 8 |i Enthält  |t [Karte] Koszalin 
770 0 8 |i Enthält  |t [Karte] Kołobrzeg 
770 0 8 |i Enthält  |t [Karte] Słupsk 
770 0 8 |i Enthält  |t [Karte] Ustka 
770 0 8 |i Enthält  |t [Karte] Darłowo 
770 0 8 |i Enthält  |t [Karte] Bytów 
924 0 |9 Mb 50  |a (DE-603)1103232932  |b DE-Mb50  |c HES  |d d  |g K 9 II L 39